Building Web solutions with ASP.NET and ADO.NET / (Record no. 219334)
[ view plain ]
| 000 -LEADER | |
|---|---|
| fixed length control field | 01298 a2200229 4500 |
| 003 - CONTROL NUMBER IDENTIFIER | |
| control field | Nust |
| 005 - DATE AND TIME OF LATEST TRANSACTION | |
| control field | 20221019101101.0 |
| 010 ## - LIBRARY OF CONGRESS CONTROL NUMBER | |
| LC control number | 2001059042 |
| 020 ## - INTERNATIONAL STANDARD BOOK NUMBER | |
| International Standard Book Number | 0735615780 |
| 040 ## - CATALOGING SOURCE | |
| Transcribing agency | Nust |
| 082 00 - DEWEY DECIMAL CLASSIFICATION NUMBER | |
| Classification number | 005.76,DIN |
| 100 1# - MAIN ENTRY--PERSONAL NAME | |
| Personal name | Esposito, Dino, |
| 9 (RLIN) | 100745 |
| 245 10 - TITLE STATEMENT | |
| Title | Building Web solutions with ASP.NET and ADO.NET / |
| Statement of responsibility, etc. | Dino Esposito. |
| 260 ## - PUBLICATION, DISTRIBUTION, ETC. | |
| Place of publication, distribution, etc. | Redmond, Wash. : |
| Name of publisher, distributor, etc. | Microsoft Press, |
| Date of publication, distribution, etc. | 2002. |
| 300 ## - PHYSICAL DESCRIPTION | |
| Extent | xxii, 379 p. : |
| Other physical details | ill. ; |
| Dimensions | 23 cm. + |
| Accompanying material | 1 CD-ROM (4 3/4 in.) |
| 505 ## - FORMATTED CONTENTS NOTE | |
| Formatted contents note | Introduction (Page-1), Data Access and Reporting (Page-3), Pageable Data Grids (Page-29), Templated DataGrid Controls (Page-75), Editing DataGrid Controls (Page-105), Smart and Effective Data Access and Reporting (Page-139), Advanced Data Reporting (Page-175), Disconnected Web Applications (Page-211), Interoperable Web Applications(Page-255), Web Services (Page-285), Exposing Data to .NET Applications (Page-317), Some Final Thoughts on the Future of ADO.NET (Page-355). |
| 650 #0 - SUBJECT ADDED ENTRY--TOPICAL TERM | |
| Topical term or geographic name entry element | Microsoft .NET Framework. |
| 9 (RLIN) | 55646 |
| 650 #0 - SUBJECT ADDED ENTRY--TOPICAL TERM | |
| Topical term or geographic name entry element | Web sites |
| General subdivision | Design. |
| 9 (RLIN) | 18036 |
| 856 42 - ELECTRONIC LOCATION AND ACCESS | |
| Materials specified | Contributor biographical information |
| Uniform Resource Identifier | <a href="http://www.loc.gov/catdir/enhancements/fy1207/2001059042-b.html">http://www.loc.gov/catdir/enhancements/fy1207/2001059042-b.html</a> |
| 856 42 - ELECTRONIC LOCATION AND ACCESS | |
| Materials specified | Publisher description |
| Uniform Resource Identifier | <a href="http://www.loc.gov/catdir/enhancements/fy1004/2001059042-d.html">http://www.loc.gov/catdir/enhancements/fy1004/2001059042-d.html</a> |
| 942 ## - ADDED ENTRY ELEMENTS (KOHA) | |
| Source of classification or shelving scheme | |
| Koha item type | Book |
| Call number prefix | 005.76,DIN |
| Withdrawn status | Lost status | Source of classification or shelving scheme | Damaged status | Not for loan | Permanent Location | Current Location | Shelving location | Date acquired | Full call number | Barcode | Date last seen | Price effective from | Koha item type | Public note |
|---|---|---|---|---|---|---|---|---|---|---|---|---|---|---|
| Military College of Signals (MCS) | Military College of Signals (MCS) | General Stacks | 12/12/2016 | 005.276,DIN | MCS37511 | 12/08/2016 | 12/12/2016 | Book | Almirah No.7, Shelf No.1 |
